000
00331nam a2200145Ia 4500
008
191201s2007 xx 000 0 und d
082
_a
658.3
_b
MAH
100
_a
MAMORIA, C B
245
0
_a
Human Resource Management
250
_a
6th
260
_a
N.Delhi
_b
Excel Books
_c
2007
300
_a
398
650
_a
MBA
942
_2
ddc
_c
BK
999
_c
2741
_d
2741